[Event "POL-ch Rapid U18"]
[Site "Bydgoszcz"]
[Date "2023.08.30"]
[Round "7"]
[White "Wojdak, Jan"]
[Black "Kasprzak, Lukasz"]
[Result "1-0"]
[WhiteElo "2137"]
[BlackElo "1931"]
[PlyCount "135"]
[EventDate "2023.08.28"]
[EventType "swiss"]
[EventRounds "11"]
[EventCountry "POL"]
[SourceTitle "EXT 2024"]
[Source "ChessBase"]
[SourceDate "2023.10.10"]
[SourceVersion "1"]
[SourceVersionDate "2023.10.10"]
[SourceQuality "1"]

1. e4 c5 2. Nf3 d6 3. c3 Nf6 4. h3 Nc6 5. Bd3 d5 6. e5 Nd7 7. Bb5 e6 8. 0-0 Qb6 9. Ba4 Be7 10. d4 0-0 11. a3 f6 12. Re1 fxe5 13. dxe5 Qc7 14. Qe2 b6 15. Bc2 a5 16. a4 Ba6 17. Qe3 d4 18. Qe4 d3 19. Bxd3 Bxd3 20. Qxd3 Ndxe5 21. Nxe5 Nxe5 22. Qe4 Bd6 23. Na3 Qc6 24. Qxc6 Nxc6 25. Rxe6 Rad8 26. Bg5 Kf7 27. Ree1 Be7 28. Bxe7 Nxe7 29. Nc4 Nd5 30. g3 Rfe8 31. Kg2 Kf6 32. Rxe8 Rxe8 33. Rd1 Rd8 34. Kf3 Ke7 35. Ke2 Rd7 36. f4 Ke6 37. Kf3 g6 38. Rd2 h5 39. Re2+ Kf6 40. g4 hxg4+ 41. hxg4 Rh7 42. g5+ Kf7 43. Re5 Ne7 44. Nxb6 Rh3+ 45. Kg2 Rh4 46. Kg3 Rh1 47. Rxc5 Rg1+ 48. Kf2 Rb1 49. Nc4 Ke6 50. Re5+ Kd7 51. Rxa5 Nc6 52. Ne5+ Nxe5 53. Rxe5 Rxb2+ 54. Ke3 Ra2 55. a5 Ra3 56. Kd3 Kd6 57. Rb5 Ke6 58. Kd4 Ra4+ 59. c4 Ra1 60. Rb6+ Kf5 61. Rf6+ Kg4 62. a6 Ra5 63. c5 Kf3 64. Kd5 Kg4 65. Kc4 Ra1 66. Kb5 Rb1+ 67. Kc6 Ra1 68. Kb7 1-0

[Event "Krakow op-B 33rd"]
[Site "Krakow"]
[Date "2022.12.29"]
[Round "3"]
[White "Starosta, Martyna"]
[Black "Kasprzak, Lukasz"]
[Result "1-0"]
[WhiteElo "1991"]
[BlackElo "2031"]
[PlyCount "117"]
[EventDate "2022.12.27"]
[EventType "swiss"]
[EventRounds "9"]
[EventCountry "POL"]
[SourceTitle "CBM 212 Extra"]
[Source "ChessBase"]
[SourceDate "2023.03.31"]
[SourceVersion "1"]
[SourceVersionDate "2023.03.31"]
[SourceQuality "1"]

1. e4 c5 2. Nf3 d6 3. d4 cxd4 4. Nxd4 Nf6 5. Nc3 a6 6. Bg5 e6 7. f4 h6 8. Bh4 Qb6 9. Qd2 Qxb2 10. Rb1 Qa3 11. e5 dxe5 12. fxe5 g5 13. exf6 gxh4 14. Be2 Qa5 15. 0-0 Qg5 16. Rf4 e5 17. Nd5 exd4 18. Re4+ Be6 19. Nc7+ Kd8 20. Qxg5 hxg5 21. Nxa8 Bc5 22. Bg4 Bxg4 23. Rxg4 b6 24. Rxg5 Nd7 25. Rd5 Kc8 26. Kf1 Rh6 27. Ke2 Rxf6 28. a4 a5 29. Kd3 Rf2 30. Re1 Nf6 31. Rg5 Kb7 32. Re2 Rf1 33. Nxb6 Bxb6 34. Re7+ Kc6 35. Rxf7 Bd8 36. Rg8 Nxg8 37. Rxf1 Bc7 38. Kxd4 Bxh2 39. Rf8 Ne7 40. Rf6+ Kc7 41. Kc5 Bg3 42. c4 Be1 43. Kb5 Kd7 44. c5 Bb4 45. Rh6 Be1 46. Rd6+ Ke8 47. c6 Bg3 48. Rh6 Nf5 49. Rh8+ Ke7 50. Kb6 Ne3 51. Kb7 Nxg2 52. c7 Bxc7 53. Kxc7 Kf7 54. Kb6 Kg7 55. Rc8 h3 56. Rc1 Nf4 57. Rf1 Nd5+ 58. Kxa5 Kg6 59. Rf3 1-0

[Event "Ostrava Konik op-A"]
[Site "Ostrava"]
[Date "2022.05.01"]
[Round "2"]
[White "Sernecki, Franciszek"]
[Black "Kasprzak, Lukasz"]
[Result "1/2-1/2"]
[WhiteElo "2272"]
[BlackElo "1946"]
[PlyCount "40"]
[EventDate "2022.04.30"]
[EventType "swiss"]
[EventRounds "9"]
[EventCountry "CZE"]
[SourceTitle "CBM 208 Extra"]
[Source "ChessBase"]
[SourceDate "2022.07.31"]
[SourceVersion "1"]
[SourceVersionDate "2022.07.31"]
[SourceQuality "1"]

1. d4 Nf6 2. c4 e6 3. Nf3 b6 4. g3 Bb7 5. Bg2 Bb4+ 6. Bd2 Bxd2+ 7. Nbxd2 0-0 8. 0-0 c5 9. Qc2 cxd4 10. Nxd4 Bxg2 11. Kxg2 Qe7 12. Rfd1 Rc8 13. Qa4 Nc6 14. N2f3 Nxd4 15. Rxd4 Qc5 16. e3 a6 17. Qb3 Rab8 18. Qa4 Ra8 19. Qb3 Rab8 20. Qa4 Ra8 1/2-1/2

[Event "POL-ch U18"]
[Site "Sypniewo"]
[Date "2022.03.24"]
[Round "6"]
[White "Gorkiewicz, Mateusz"]
[Black "Kasprzak, Lukasz"]
[Result "1-0"]
[WhiteElo "2073"]
[BlackElo "1884"]
[PlyCount "89"]
[EventDate "2022.03.19"]
[EventType "swiss"]
[EventRounds "9"]
[EventCountry "POL"]
[SourceTitle "CBM 207 Extra"]
[Source "ChessBase"]
[SourceDate "2022.05.31"]
[SourceVersion "1"]
[SourceVersionDate "2022.05.31"]
[SourceQuality "1"]

1. e4 c5 2. Nf3 d6 3. d4 cxd4 4. Nxd4 Nf6 5. Nc3 a6 6. a4 e5 7. Nf3 Be7 8. Bg5 Be6 9. Bxf6 Bxf6 10. Nd5 Bxd5 11. Qxd5 Qc7 12. Bc4 0-0 13. 0-0 Nd7 14. Bb3 Be7 15. c3 Nf6 16. Qd3 Qc6 17. Rfe1 g6 18. Nd2 b6 19. Nc4 Nd7 20. Ne3 Nc5 21. Qd5 Qxd5 22. Bxd5 Rab8 23. Red1 Rfc8 24. f3 Kf8 25. Kf2 Ne6 26. Nc2 b5 27. a5 Nc5 28. Nb4 Rc7 29. g3 Rbc8 30. Ke2 Ra7 31. Rd2 Bg5 32. Rc2 Bd8 33. c4 Nb3 34. cxb5 Nd4+ 35. Kd2 Rxc2+ 36. Nxc2 axb5 37. b4 Nxf3+ 38. Kd3 Nd4 39. Nxd4 exd4 40. a6 Bb6 41. Bb7 Ke7 42. Rc1 h5 43. Rc6 Bd8 44. Kxd4 Kd7 45. Kd5 1-0

[Event "POL-ch U18"]
[Site "Sypniewo"]
[Date "2022.03.22"]
[Round "4"]
[White "Luberanski, Jakub"]
[Black "Kasprzak, Lukasz"]
[Result "1-0"]
[WhiteElo "2211"]
[BlackElo "1884"]
[PlyCount "61"]
[EventDate "2022.03.19"]
[EventType "swiss"]
[EventRounds "9"]
[EventCountry "POL"]
[SourceTitle "CBM 207 Extra"]
[Source "ChessBase"]
[SourceDate "2022.05.31"]
[SourceVersion "1"]
[SourceVersionDate "2022.05.31"]
[SourceQuality "1"]

1. e4 c5 2. Nf3 d6 3. d4 cxd4 4. Nxd4 Nf6 5. Nc3 a6 6. h3 e5 7. Nde2 h5 8. Bg5 Be7 9. Ng3 h4 10. Nf5 Bxf5 11. Bxf6 Bxf6 12. exf5 0-0 13. Nd5 e4 14. c3 Nd7 15. Be2 Nb6 16. 0-0 Re8 17. Nxf6+ Qxf6 18. Qb3 d5 19. a4 Qc6 20. Rfd1 Re5 21. Rd4 Rxf5 22. a5 Nd7 23. Rad1 Nc5 24. Qa2 Qf6 25. Bg4 Rxf2 26. Qxd5 Ne6 27. Rxe4 Nf4 28. Qxb7 Rf8 29. Qb6 Rxg2+ 30. Kh1 Rf2 31. Qxf2 1-0

[Event "POL-ch U17 Qual"]
[Site "Jastrzebia Gora"]
[Date "2021.11.17"]
[Round "4"]
[White "Kasprzak, Lukasz"]
[Black "Borkowski, Szymon"]
[Result "1-0"]
[WhiteElo "1758"]
[BlackElo "1696"]
[PlyCount "115"]
[EventDate "2021.11.15"]
[EventType "swiss"]
[EventRounds "9"]
[EventCountry "POL"]
[SourceTitle "EXT 2023"]
[Source "ChessBase"]
[SourceDate "2022.10.05"]
[SourceVersion "1"]
[SourceVersionDate "2022.10.05"]
[SourceQuality "1"]

1. d4 Nf6 2. c4 g6 3. Nc3 Bg7 4. e4 d6 5. f3 0-0 6. Be3 Nc6 7. Qd2 a6 8. Nge2 Na5 9. Nc1 Nd7 10. b4 Nc6 11. Rb1 e5 12. d5 Nd4 13. N1e2 f5 14. Nxd4 exd4 15. Bxd4 Qh4+ 16. g3 Qh5 17. Bxg7 Kxg7 18. f4 fxe4 19. Bg2 Nf6 20. 0-0 Bf5 21. Qd4 Rae8 22. Rbe1 Kf7 23. Nd1 Bg4 24. Ne3 Bf3 25. h3 b6 26. Rf2 Qh6 27. Kh2 Qg7 28. Kg1 Bxg2 29. Kxg2 Nh5 30. Qxg7+ Nxg7 31. g4 Kg8 32. Nf1 h5 33. Kg3 Kh7 34. Re3 Kh6 35. Nd2 g5 36. fxg5+ Kxg5 37. Nxe4+ Kg6 38. Rxf8 Rxf8 39. Rf3 h4+ 40. Kf2 Re8 41. Rf6+ Kh7 42. Kf3 Kg8 43. a4 Re5 44. Kf4 b5 45. axb5 axb5 46. c5 Rxd5 47. cxd6 Ne8 48. dxc7 Nxc7 49. Rc6 Rd4 50. Rxc7 Rxb4 51. Kf5 Rb3 52. Kf6 Rf3+ 53. Kg6 Kf8 54. Ng5 Re3 55. Rb7 Re5 56. Kf6 Re3 57. Rb8+ Re8 58. Ne6+ 1-0

[Event "Rubinstein Memorial op-D 57th"]
[Site "Polanica Zdroj"]
[Date "2021.08.19"]
[Round "6"]
[White "Kasprzak, Lukasz"]
[Black "Goral, Jan"]
[Result "1-0"]
[WhiteElo "1627"]
[BlackElo "1659"]
[PlyCount "57"]
[EventDate "2021.08.14"]
[EventType "swiss"]
[EventRounds "9"]
[EventCountry "POL"]
[SourceTitle "CBM 204 Extra"]
[Source "ChessBase"]
[SourceDate "2021.11.30"]
[SourceVersion "1"]
[SourceVersionDate "2021.11.30"]
[SourceQuality "1"]

1. d4 Nf6 2. c4 e6 3. Nc3 Bb4 4. Qc2 0-0 5. a3 Bxc3+ 6. Qxc3 b6 7. Bg5 Bb7 8. f3 h6 9. Bh4 g5 10. Bg3 d5 11. h4 g4 12. cxd5 Nxd5 13. Qd2 gxf3 14. Nxf3 Kg7 15. h5 Nd7 16. Rh3 N5f6 17. Bf4 Ng8 18. Rg3+ Kh7 19. Qc2+ f5 20. Ne5 Nxe5 21. Bxe5 Rf7 22. e3 Bd5 23. Bd3 Nf6 24. Bxf5+ exf5 25. Qxf5+ Kh8 26. Rg6 Qd7 27. Rxf6 Qxf5 28. Rxh6+ Kg8 29. Rh8# 1-0